<The> Irony of Democracy <An> Uncommon Introduction to American Politics

Na minha lista:
Detalhes bibliográficos
Autor principal: Dye, Thomas R.
Outros Autores: Zeigler, Harmon
Formato: Livro
Idioma:inglês
Publicado em: Pacific Grove Brooks/Cole Pub. Co. 1987
Edição:7. ed.
Tags: Adicionar Tag
Sem tags, seja o primeiro a adicionar uma tag!

MARC

LEADER 00000nam a2200000 4500
001 c022694
005 20221219120058.1
041 0 |a eng 
044 |a US 
245 1 0 |a <The> Irony of Democracy  |b <An> Uncommon Introduction to American Politics  |c Thomas R. Dye, Harmon Zeigler 
250 |a 7. ed. 
264 1 |a Pacific Grove  |b Brooks/Cole Pub. Co.  |c 1987 
300 |a 506 s. 
100 1 |a Dye, Thomas R. 
700 1 |a Zeigler, Harmon